00420 2200157 4500001002100000008004100021035002000062245004100082100001900123260005400142020002200196084001400218082000800232650001000240990001200250INLIS000000000003340 ind  a0010-0226000006 aClaymore 20 ( Komik )cNorihiro Yagi aYagi, Norihiro aJakartabPT. Elex Media Komputindo Gramediac2016 a978-602-02-9637-1 a741 YAG c a741 aKomik a0754515